UEFA Champions League Rekordspieler - Statistiken

Allgemein
  • Dieses Quiz wurde 2.594 mal gespielt
    198 seit der letzten Aktualisierung
  • Das Durchschnittsergebnis liegt bei 16 aus 22
Antwortstatistiken
Spiele Hat für diese Klubs CL gespielt Antwort % Korrekt
183 Manchester United, Real Madrid, Juventus Cristiano Ronaldo
100%
163 Barcelona, PSG Lionel Messi
99%
158 Schalke 04, Bayern München Manuel Neuer
97%
163 Bayern München Thomas Müller
95%
151 Bayern München, Real Madrid Toni Kroos
88%
151 Barcelona Xavi
86%
142 Real Madrid, Schalke 04 Raul
85%
130 Barcelona Andres Iniesta
84%
152 Olympique Lyon, Real Madrid Karim Benzema
80%
124 Ajax, Juventus, Inter, Barcelona, AC Mailand, PSG Zlatan Ibrahimovic
79%
177 Real Madrid, Porto Iker Casillas
73%
142 Real Madrid Sergio Ramos
69%
135 AC Mailand Paolo Maldini
66%
124 Juventus Gianluigi Buffon
63%
128 Manchester United, Barcelona Gerard Pique
60%
125 Bayern München, Real Madrid David Alaba
58%
145 Manchester United Ryan Giggs
57%
142 Borussia Dortmund, Bayern München, Barcelona Robert Lewandowski
56%
129 Barcelona Sergio Busquets
55%
124 Manchester United Paul Scholes
42%
142 Tottenham, Real Madrid Luca Modric
40%
125 Ajax, Real Madrid, AC Mailand Clarence Seedorf
36%
Keine übereinstimmenden Quizze gefunden
Verteilung der Resultate
Anzahl Personen mit jedem Resultat
Perzentil nach korrekt beantworteten Fragen
Ihre Resultats-Entwicklung
Sie haben dieses Quiz seit der letzten Aktualisierung nicht gespielt